000 00738cam a22002651 4500
001 29705
003 BD-RjUL
005 20211209051440.0
008 140406r19551954nyua b 01| 0 eng
035 _a(BD-RjUL)29790
035 _a(OCoLC)218024
040 _aDLC
_cODaWU
_dOCoLC
_dDLC
_beng
041 _aeng
082 _a136.7354
_bCOP 1955
100 1 _aCole, Luella,
_d1893-
_990460
245 1 0 _aPsychology of adolescence /
_cLuella Cole
250 _a4th ed.
260 _aNew York :
_bRinehart,
_c1954 [reprinted 1955]
300 _axvi, 712 p. :
_bill. ;
_c24 cm.
504 _aIncludes bibliographies and index.
650 0 _aAdolescence.
_990461
942 _2ddc
_cBK
999 _c29705
_d29705